000 00530nam a2200205Ia 4500
003 OSt
005 20250819112143.0
008 210210b2006 xxu||||| |||| 00| 0 eng d
020 _a0070590907
040 _cAL
041 _aeng
082 _a658.562 RAMT
100 _aRamasamy Subburaj
_9236418
245 _aTotal quality management
260 _aNew Delhi
_bTata McGraw-Hill Publishing Company Ltd.
_c2006
300 _axxiii,500p.
690 _aTotal Quality Management
_9236419
906 _a062513
942 _2ddc
_cBK
999 _c117625
_d117625